书目信息 |
| 题名: |
山东省战略环境评价方法与应用研究
|
|
| 作者: | 张凯 , 任丽军 编著 | |
| 分册: | ||
| 出版信息: | 北京 科学出版社 2005 |
|
| 页数: | 194cm | |
| 开本: | 24cm | |
| 丛书名: | ||
| 单 册: | ||
| 中图分类: | X820.3 | |
| 科图分类: | ||
| 主题词: | 环境影响--评价--研究--山东省 , 环境影响 | |
| 电子资源: | ||
| ISBN: | 7-03-016441-5 | |
| 000 | 00999nam0 2200253 450 | |
| 001 | 003050351 | |
| 005 | 20091208161819.40 | |
| 010 | @a7-03-016441-5@dCNY30.00 | |
| 100 | @a20060104d2005 em y0chiy0110 ea | |
| 101 | 0 | @achi |
| 102 | @aCN@b110000 | |
| 105 | @ay z 000yy | |
| 106 | @ar | |
| 200 | 1 | @a山东省战略环境评价方法与应用研究@9shan dong sheng zhan lve huan jing ping jia fang fa yu ying yong yan jiu@f张凯,任丽军编著 |
| 210 | @a北京@c科学出版社@d2005 | |
| 215 | @a194cm@d24cm | |
| 330 | @a本书介绍了战略环境评价的国内外研究进展,阐述了战略环境评价的基础理论与技术方法,提出了山东省实施战略环境评价的对策及战略环境评价指南,并结合山东省实际开展了产业政策、电力工业发展规划、汽车工业发展规划不同层次的战略环境评价实例研究。 | |
| 606 | 0 | @a环境影响@x评价@x研究@y山东省 |
| 606 | 0 | @a环境影响 |
| 690 | @aX820.3@v4 | |
| 701 | 0 | @a张凯@9zhang kai@c(环境保护,@f1947.3~)@4编著 |
| 701 | 0 | @a任丽军@9ren li jun@4编著 |
| 801 | 0 | @aCN@bNLC@c20091208 |
| 905 | @b20795380-84@dX820.3@e142@f5 | |
| 山东省战略环境评价方法与应用研究/张凯,任丽军编著.-北京:科学出版社,2005 |
| 194cm;24cm |
| ISBN 7-03-016441-5:CNY30.00 |
| 本书介绍了战略环境评价的国内外研究进展,阐述了战略环境评价的基础理论与技术方法,提出了山东省实施战略环境评价的对策及战略环境评价指南,并结合山东省实际开展了产业政策、电力工业发展规划、汽车工业发展规划不同层次的战略环境评价实例研究。 |
| ● |
| 相关链接 |
|
|
|
|
正题名:山东省战略环境评价方法与应用研究
索取号:X820.3/142
 
预约/预借
| 序号 | 登录号 | 条形码 | 馆藏地/架位号 | 状态 | 备注 |
| 1 | 795380 | 207953801 | 第二样本阅览室/ [索取号:X820.3/142] | 在馆 | |
| 2 | 795381 | 207953810 | 第三借阅区/ [索取号:X820.3/142] | 在馆 | |
| 3 | 795382 | 207953829 | 第三借阅区/ [索取号:X820.3/142] | 在馆 | |
| 4 | 795383 | 207953838 | 第三借阅区/ [索取号:X820.3/142] | 在馆 | |
| 5 | 795384 | 207953847 | 第三借阅区/ [索取号:X820.3/142] | 在馆 |